Fútbol Argentino - Plantel Independiente 2025 - Estadísticas

Estadísticas generales
  • Esta prueba ha sido intentada 253 veces
    188 desde el último reinicio
  • La puntuación promedio es 24 de 34
Estadísticas de respuestas
Posición # Situación actual Jugador % Correcto
Arquero 33 Plantel Profesional Rodrigo Rey
98%
Defensor 26 Plantel Profesional Kevin Lomónaco
96%
YDelantero 09 Plantel Profesional Gabriel Ávalos
92%
Mediocampista 05 Plantel Profesional Felipe Loyola
91%
Defensor 04 Plantel Profesional Federico Vera
89%
Mediocampista 23 Plantel Profesional Iván Marcone
89%
Defensor 77 Plantel Profesional Álvaro Angulo
88%
Mediocampista 07 Plantel Profesional Santiago Montiel
88%
Mediocampista 10 Plantel Profesional Luciano Cabral
87%
Defensor 36 Plantel Profesional Sebastián Valdez
87%
YDelantero 27 Plantel Profesional Diego Tarzia
84%
YDelantero 34 Plantel Profesional Matías Giménez Rojas
83%
ZEntrenador - Plantel Profesional Julio Vaccari
82%
Mediocampista 11 Plantel Profesional Federico Mancuello
78%
Mediocampista 20 Plantel Profesional Rodrigo Fernández Cedrés
78%
Mediocampista 14 Plantel Profesional Lautaro Millán
77%
Defensor 06 Plantel Profesional Nicolás Freire
77%
Mediocampista 08 Plantel Profesional Pablo Galdames
77%
YDelantero 18 Plantel Profesional Ignacio Maestro Puch
74%
Defensor 02 Plantel Profesional Franco Paredes
71%
Defensor 32 Plantel Profesional Franco Paredes
71%
YDelantero 16 Plantel Profesional Santiago Hidalgo
70%
Arquero 01 Plantel Profesional Joaquín Blázquez
69%
Defensor 03 Plantel Profesional Adrián Spörle
68%
Defensor 39 Plantel Profesional Jonathan de Irastorza
66%
Mediocampista 21 Plantel Profesional David Martínez
60%
YDelantero 22 Plantel Profesional Braian Martínez
58%
Defensor 35 Plantel Profesional Santiago Salle
54%
YDelantero 28 Plantel Profesional Enzo Taborda
52%
Mediocampista 37 Plantel Profesional Joel Medina
44%
YDelantero 19 Plantel Profesional Lucas Román
41%
Defensor 31 Plantel Profesional Gonzalo Bordón
36%
Defensor 29 Baja Juan Fedorco
27%
YDelantero 31 Plantel Profesional Nicolás Vallejo
12%
No se encontraron pruebas coincidentes
Distribución de puntuación
Porcentaje de gente con cada puntuación
Porcentaje por número respondido
Historial de tus puntuaciones
No has intentado esta prueba desde el último reinicio